| 000 | 00762nam a22002057a 4500 | ||
|---|---|---|---|
| 999 |
_c9880 _d9880 |
||
| 003 | AR-CdUCM | ||
| 008 | 190328b ||||| |||| 00| 0 spa d | ||
| 040 |
_aMUNICIPALIDAD PROVINCIAL DEL CUSCO _cBIBLIOTECA MUNICIPAL DEL CUSCO |
||
| 082 |
_a345.982 / _bAL45 / 1943 |
||
| 100 |
_aAlsina, Hugo _911434 |
||
| 245 | _aTratado Teórico Practico de Derecho Procesal Civil y Comercial / | ||
| 260 |
_aBuenos Aires : _bCompañía Argentina de Editores ; _c1943. |
||
| 300 |
_a997 páginas ; _c26cm |
||
| 505 | _aContenido: Ejecución procesal forzada -- Ejecución de sentencia -- Juicio ejecutivo --Juicio de premio -- Medidas precautorias... | ||
| 650 |
_aDerecho _9739 |
||
| 650 |
_aLeyes _94808 |
||
| 650 |
_aJuicio _915781 |
||
| 942 |
_2ddc _cLIBROS |
||
| 945 | _anom | ||